| 000 | 00428nam a2200181Ia 4500 | ||
|---|---|---|---|
| 005 | 20240823013022.0 | ||
| 008 | 240823s9999||||xx |||||||||||||| ||und|| | ||
| 041 | _aENGLISH | ||
| 082 | _A530.141 M9 | ||
| 100 | _a"Hayt, William H" | ||
| 245 | 0 | _aEngineering Electromagnetics | |
| 250 | _a5th | ||
| 260 |
_c1989 _b"TMH,New Delhi" |
||
| 500 | _aYES | ||
| 650 |
_aElectromagnetism _bPhysics |
||
| 942 | _cBK | ||
| 999 |
_c166060 _d166060 |
||